Countries that were part of the Japanese Empire During WW2 - Statistics

General Stats
  • This quiz has been taken 34 times
    27 since last reset
  • The average score is 12 of 17
Answer Stats
Answer % Correct
China
96%
North Korea
96%
South Korea
96%
Taiwan
85%
Vietnam
85%
Japan
81%
Laos
81%
Cambodia
77%
Indonesia
77%
Singapore
77%
Myanmar
73%
Philippines
73%
Thailand
65%
Papua New Guinea
58%
East Timor
54%
Nauru
23%
(Guam) United States
8%
No matching quizzes found
Score Distribution
Percent of People with Each Score
Percentile by Number Answered
Your Score History
You have not taken this quiz since the last reset